[Event "5th Vardaris Open 2019"]
[Site "Thessaloniki"]
[Date "2019.03.07"]
[Round "1.1"]
[White "Lazov, Toni"]
[Black "Vallejo Pons, Francisco"]
[Result "0-1"]
[WhiteElo "2332"]
[BlackElo "2698"]
[Annotator "TA"]
[PlyCount "92"]
[EventDate "2019.02.27"]
[EventType "swiss"]
[EventCountry "GRE"]
[SourceTitle "playchess.com"]
[Source "ChessBase"]
[SourceQuality "1"]

{[%evp 9,91,0,0,0,0,0,0,-9,14,-7,-9,-7,0,-13,-13,-12,-10,-1,2,0,0,-41,-37,-53,-43,-46,-46,-46,-45,-45,-50,-50,-47,-54,-43,-50,-52,-46,-45,-45,-45,-45,-45,-45,-46,-46,-46,-34,-13,-18,-14,-12,0,0,0,0,0,-1,0,0,11,0,0,0,0,0,0,-1513,-1804,-1752,-1804,-1557,-1522,-5270,-5422,-4798,-4911,-2233,-2230,-5202,-1245,-29990,-29991,-29999]} 1. e4 c6 2. Nc3 d5 3. Qf3 dxe4 4. Nxe4 Nf6 5. Bc4 (5. Nxf6+ exf6 6. Bc4 Bd6 7. d4 O-O 8. Ne2 c5 9. dxc5 Qa5+ 10. Qc3 Qxc3+ 11. Nxc3 Bxc5 12. Nd5 Nc6 13. Be3 {1-0 (55) Smerdon,D (2527)-Zeller,F (2397) Germany 2017}) 5... Nbd7 6. Bb3 {B11: Caro-Kann: Two Knights Variation} a5 $146 ({Predecessor:} 6... e6 7. d4 Nxe4 8. Qxe4 Nf6 9. Qd3 Bd6 10. Nf3 Qc7 11. O-O Bd7 12. Re1 O-O-O {1-0 (71) Mouhamad,J (2113)-Cayla,J (1991) Montlucon 2011}) 7. a4 e6 8. d4 {The position is equal.} c5 9. Nxf6+ Nxf6 10. dxc5 Bxc5 11. Be3 Qb6 12. Bxc5 Qxc5 13. Ne2 O-O 14. O-O Bd7 15. Qc3 Ne4 16. Qxc5 Nxc5 17. Nc3 Nxb3 18. cxb3 Bc6 19. Rfd1 Rfd8 20. f3 Kf8 21. Kf2 Ke7 22. Ke3 f5 23. Rac1 g5 24. Rxd8 Rxd8 $15 {[%mdl 4096] Endgame KRB-KRN} 25. Nb1 f4+ 26. Ke2 {[#]} g4 $1 {[%mdl 512]} 27. Nd2 (27. fxg4 Rg8) 27... gxf3+ 28. gxf3 Rd5 29. Rc4 Rf5 30. b4 Bd5 31. Rc7+ Kd6 32. Rxh7 axb4 33. h4 Kc5 34. Kd3 $1 b3 35. h5 Kb4 36. h6 {[#] aiming for Rc7.} Rh5 37. Rh8 e5 38. Ne4 $2 {[%mdl 8192]} (38. a5 $11) 38... Bc4+ $19 39. Kd2 Rh2+ 40. Kc1 Rc2+ 41. Kd1 Rxb2 {( -> ...Rg2)} 42. Rb8 Rh2 43. Rxb7+ Ka3 44. h7 b2 (44... Be2+ $142 45. Ke1 Bxf3 46. Rxb3+ Kxb3 47. Nd2+ Kxa4 48. Nxf3 Rxh7) 45. Nd2 Rh1+ 46. Kc2 Rc1# {Accuracy: White = 70%, Black = 80%.} 0-1

[Event "5th Vardaris Open 2019"]
[Site "Thessaloniki"]
[Date "2019.03.07"]
[Round "1.2"]
[White "Halkias, Stelios"]
[Black "Yordanov, Lachezar"]
[Result "1-0"]
[WhiteElo "2552"]
[BlackElo "2308"]
[Annotator "TA"]
[PlyCount "73"]
[EventDate "2019.02.27"]
[EventType "swiss"]
[EventCountry "GRE"]
[SourceTitle "playchess.com"]
[Source "ChessBase"]
[SourceQuality "1"]

{[%evp 14,73,12,10,33,32,21,6,21,21,31,10,18,21,16,25,19,19,32,29,15,23,37,38,37,47,54,43,136,130,158,140,159,185,222,222,222,222,222,222,218,218,288,254,416,394,416,295,609,543,574,551,726,705,740,738,6131,5006,29965,12831,29988,29989]} 1. Nf3 Nf6 2. c4 e6 3. g3 d5 4. Bg2 Be7 5. d4 O-O 6. O-O c6 7. Qc2 b6 8. Nbd2 Na6 {E06: Closed Catalan: Early deviations} (8... Bb7 9. b3 a5 10. Bb2 Na6 11. Rfd1 Rc8 12. Rac1 h6 13. Qb1 Rc7 14. Ne5 Nd7 15. Ndf3 Nxe5 16. Nxe5 Bd6 17. e4 {½-½ (45) Yu,Y (2751)-Sargissian,G (2672) Riadh 2017}) 9. a3 Bb7 10. e4 c5 {[%cal Rd5e4] The position is equal.} 11. exd5 exd5 12. dxc5 Nxc5 13. b4 Ne6 14. Bb2 dxc4 15. Nxc4 Rc8 {aiming for ...b5.} 16. Rfd1 Qc7 17. Rac1 b5 18. Ne3 $146 {Qxc7 is the strong threat.} Qxc2 19. Nxc2 Rfd8 {Strongly threatening ...Rxd1+.} 20. Ncd4 Nxd4 (20... Bxf3 $14 21. Nxf3 Rxc1 22. Rxc1 Ng4) 21. Nxd4 $16 Bxg2 22. Kxg2 {Hoping for Nc6.} Rxc1 23. Rxc1 a6 {[#]} 24. Nf5 $1 {[%cal Rf5e7]} Bf8 25. Bxf6 $1 gxf6 $18 {[%mdl 4096] Endgame KRB-KRN} 26. Rc6 Ra8 {[#]} 27. Rb6 $1 ({Don't do} 27. Rxf6 a5) 27... Bg7 28. g4 h5 $2 (28... h6 29. h4 Kh7) 29. gxh5 Kh7 30. Kf3 Kg8 $2 (30... Bf8 31. Rxf6 Kg8) 31. Kg4 Bf8 32. f4 a5 33. Rxb5 axb4 34. axb4 Ra2 35. Rb8 Rxh2 36. h6 Rh1 37. Ne7+ {Accuracy: White = 93%, Black = 23%.} 1-0

[Event "5th Vardaris Open 2019"]
[Site "Thessaloniki"]
[Date "2019.03.07"]
[Round "1.3"]
[White "Delorme, Alban"]
[Black "Tilicheev, Viacheslav"]
[Result "1/2-1/2"]
[WhiteElo "2305"]
[BlackElo "2540"]
[Annotator "TA"]
[PlyCount "59"]
[EventDate "2019.02.27"]
[EventType "swiss"]
[EventCountry "GRE"]
[SourceTitle "playchess.com"]
[Source "ChessBase"]
[SourceQuality "1"]

{[%evp 21,59,28,13,16,27,22,26,31,26,12,71,70,51,70,118,119,114,94,91,91,109,106,107,110,110,109,109,116,102,102,114,110,96,58,54,53,53,53,55,15]} 1. d4 d5 2. Nf3 Nf6 3. g3 e6 4. Bg2 Be7 5. O-O O-O 6. c4 dxc4 7. Qc2 b6 {E05: Open Catalan: 5 Nf3 Be7} 8. Bg5 Nd5 9. Bxe7 Qxe7 10. Qxc4 Ba6 11. Qc2 Nd7 {LiveBook: 9 Games} 12. Nc3 c5 13. Nxd5 exd5 14. dxc5 $146 ({Predecessor:} 14. Rfe1 Bb7 15. Qa4 {0-1 (46) Studer,N (2493)-Bacrot,E (2715) Biel 2017}) 14... bxc5 15. Rfd1 Nb6 (15... Nf6 $11 {keeps the balance.}) 16. a4 $16 Qxe2 ({Don't go for} 16... Bxe2 $2 17. Re1 $18) 17. Qxc5 Rac8 {[#]} 18. Qa5 $1 {Strongly threatening Nd4.} Rc2 19. Rd2 Rxd2 20. Nxd2 {Bf1 is the strong threat.} Nc4 21. Nxc4 Bxc4 {[#]} 22. Qc3 $1 ({But not} 22. Bxd5 $2 Qh5 $19) 22... Rb8 23. Re1 Qd3 24. Qxd3 Bxd3 25. Bxd5 {Hoping for Re7. KRB-KRB} Kf8 26. Re3 Bf5 27. Rf3 Bg6 {White is slightly better.} 28. Rb3 Rxb3 29. Bxb3 Ke7 30. f4 {Precision: White = 66%, Black = 63%.} 1/2-1/2

[Event "5th Vardaris Open 2019"]
[Site "Thessaloniki"]
[Date "2019.03.07"]
[Round "1.4"]
[White "Petrov, Martin"]
[Black "Markidis, Konstantinos"]
[Result "1/2-1/2"]
[WhiteElo "2475"]
[BlackElo "2293"]
[Annotator "TA"]
[PlyCount "45"]
[EventDate "2019.02.27"]
[EventType "swiss"]
[EventCountry "GRE"]
[SourceTitle "playchess.com"]
[Source "ChessBase"]
[SourceQuality "1"]

{[%evp 13,45,17,22,20,25,22,35,18,25,10,22,0,0,-47,-12,-17,0,-36,-3,-8,-10,0,0,-5,-6,-14,-13,-9,-25,0,-3,-17,-7,-69]} 1. e4 e5 2. Nf3 Nc6 3. Bc4 Bc5 4. c3 Nf6 5. d3 a6 6. O-O d6 7. a4 h6 8. Re1 {C54: Giuoco Piano: 4 c3 Nf6, main lines with 5 d4 and 5 d3} O-O 9. Nbd2 {[%cal Bb1d2,Bd2c4,Bc4e3][%mdl 32]} Ba7 10. h3 {White is slightly better.} Ne7 11. d4 Nc6 $146 {[%cal Re5d4]} ({Predecessor:} 11... exd4 12. cxd4 Nc6 13. d5 Ne5 14. Nxe5 dxe5 15. Nf3 Re8 {0-1 (35) Bacrot,E (2718)-Bu,X (2725) Liaocheng 2018}) 12. d5 Ne7 13. Bf1 Ng6 14. Nc4 Bd7 15. b4 Nh7 16. Ne3 Nh4 17. Nxh4 Qxh4 18. g3 Qf6 19. h4 Qg6 20. h5 Qf6 21. Bg2 Qd8 22. Ra2 a5 23. Bd2 {Accuracy: White = 46%, Black = 60%.} (23. Nf5 $11) 1/2-1/2

[Event "5th Vardaris Open 2019"]
[Site "Thessaloniki"]
[Date "2019.03.07"]
[Round "1.5"]
[White "Frendzas, Panayotis"]
[Black "Stanojoski, Zvonko"]
[Result "0-1"]
[WhiteElo "2279"]
[BlackElo "2453"]
[Annotator "TA"]
[PlyCount "80"]
[EventDate "2019.02.27"]
[EventType "swiss"]
[EventCountry "GRE"]
[SourceTitle "playchess.com"]
[Source "ChessBase"]
[SourceQuality "1"]

{[%evp 9,80,-4,7,-11,-1,-9,0,-14,2,-20,-27,-21,-18,-23,-25,-18,-14,-18,-12,-23,-12,-22,-13,-22,-14,-29,-17,-31,-21,-24,-20,-16,-23,-18,-18,-14,-14,-17,-14,-70,-59,-70,-74,-91,-86,-101,-96,-85,-108,-95,-100,-142,-105,-89,-95,-156,-159,-242,-242,-228,-220,-225,-220,-300,-279,-310,-283,-639,-641,-614,-570,-549,-522]} 1. d4 d5 2. Bf4 e6 3. e3 Bd6 4. Bg3 Nf6 5. Nd2 c5 (5... O-O 6. Ngf3 b6 7. c3 c5 8. Bd3 Ba6 9. Bxa6 Nxa6 10. O-O Bxg3 11. hxg3 Qc7 12. Qe2 Nb8 13. e4 dxe4 14. Nxe4 Nbd7 {1-0 (55) Duda,J (2738)-Giri,A (2783) St Petersburg 2018}) 6. c3 {D00: 1 d4 d5: Unusual lines} Qc7 7. Ngf3 Nbd7 8. Be2 {The position is equal.} O-O 9. O-O $146 ({Predecessor:} 9. dxc5 Nxc5 10. Bxd6 Qxd6 11. Nb3 Bd7 12. Nxc5 Qxc5 13. Qd4 Qxd4 14. cxd4 Rfc8 15. Bd3 Rc7 16. Kd2 Rac8 17. Ne5 Be8 {½-½ (17) Marzaduri,R (2104)-Favaloro,A (2209) Gioiosa Marea 2018}) 9... Bxg3 10. hxg3 e5 11. Nxe5 Nxe5 12. dxe5 Qxe5 13. Qa4 h6 14. Rfe1 Bd7 15. Qa3 b6 16. c4 Bc6 17. Bf3 Rfd8 18. Rad1 Qc7 19. b4 dxc4 20. Nxc4 Bxf3 21. gxf3 b5 {White must now prevent ...Rxd1.} 22. Qa5 Qxa5 23. Nxa5 cxb4 24. Rb1 (24. Nc6 $11 Rxd1 25. Rxd1) 24... Rd2 $15 25. Rxb4 a6 26. Ra1 Rc8 $36 {[%mdl 2048] White is under strong pressure.} 27. a4 Nd5 28. Rd4 Rxd4 29. exd4 $17 {[%mdl 4096] Endgame KRN-KRN} b4 30. Rb1 Rc3 31. Nb3 Rxf3 32. Nc5 ({Better is} 32. Kg2 Rc3 33. Nc5) 32... a5 33. Kg2 {[#]} (33. Nb3 $17) 33... Ra3 $1 $19 34. Re1 Nc3 35. Re8+ Kh7 36. Ra8 Nxa4 37. Rxa5 {[#]} Nc3 $1 38. Rxa3 $2 (38. Nb7) 38... bxa3 {Black is clearly winning.} 39. Kf3 a2 40. Nb3 Kg6 {Accuracy: White = 45%, Black = 66%.} 0-1

[Event "5th Vardaris Open 2019"]
[Site "Thessaloniki"]
[Date "2019.03.07"]
[Round "1.6"]
[White "Malikentzos, Sotirios"]
[Black "Sredojevic, Ivan"]
[Result "1-0"]
[WhiteElo "2450"]
[BlackElo "2271"]
[Annotator "TA"]
[PlyCount "135"]
[EventDate "2019.02.27"]
[EventType "swiss"]
[EventCountry "GRE"]
[SourceTitle "playchess.com"]
[Source "ChessBase"]
[SourceQuality "1"]

{[%evp 17,135,40,40,33,29,33,50,49,44,44,46,50,49,44,58,62,49,49,57,0,0,0,0,-24,0,0,41,58,427,0,0,0,0,0,0,0,0,0,21,29,46,0,13,9,7,3,108,124,127,135,156,45,45,0,0,0,0,0,0,0,0,0,0,0,20,0,84,43,193,77,135,120,113,-162,0,0,0,0,0,0,0,0,8,8,35,34,95,0,0,0,154,86,86,86,86,86,202,0,137,127,118,134,134,125,162,168,183,28,39,18,225,0,29972,29973,29974,29975,29975,29976,29975,29966]} 1. Nf3 Nf6 2. g3 g6 3. b3 Bg7 4. Bb2 O-O 5. Bg2 d6 6. d4 c5 7. c4 Nc6 8. O-O cxd4 9. Nxd4 Bd7 10. Qd2 {E60: King's Indian: Unusual lines and Fianchetto Variation without Nc3} Rc8 11. Rd1 Nxd4 $146 ({Predecessor:} 11... a6 12. Na3 Nxd4 13. Qxd4 Bc6 14. Bh3 Bd7 15. Bg2 Bc6 16. Bh3 Rb8 17. b4 b6 {1-0 (37) Xu,X (2543)-Karthikeyan,M (2578) Tarvisio 2017}) 12. Bxd4 {White is slightly better.} Bc6 13. Nc3 Bxg2 14. Kxg2 a6 15. Qb2 Nd7 16. Bxg7 Kxg7 17. e4 Kg8 18. f4 (18. Rac1 $14) 18... b5 $11 19. cxb5 axb5 20. Rac1 Rc5 21. Nd5 Rxc1 22. Rxc1 e6 $2 {[%mdl 8192] [#]} (22... Nb6 $14) 23. Nb4 $2 (23. Rc8 $1 $18 {[%cal Rc8d8][%mdl 512]} exd5 (23... Qxc8 24. Ne7#) 24. Rxd8 Rxd8 25. exd5) 23... Qa8 24. Qd4 Nc5 25. Re1 Rc8 26. Re2 Rd8 27. Kg1 Na6 28. Nd3 Qc6 29. h4 Qc7 30. h5 e5 31. Qe3 Nc5 (31... Qc3 $11) 32. Nb4 $1 $16 {[%cal Rb4d5]} exf4 33. gxf4 {Strongly threatening Nd5.} Qd7 34. Nd5 ({White should play} 34. f5 $1 $16 {Black must now prevent Nd5.} Qe8 35. hxg6 fxg6 36. fxg6) 34... Qg4+ $14 35. Kf1 {Threatens to win with Nf6+.} (35. Kf2 $5 {[%cal Rd5f6]} Nd7 36. hxg6 $14) 35... Nd7 36. hxg6 hxg6 37. Qc3 {And now Ne7+ would win.} Re8 38. Qd4 f6 39. Ke1 Kf7 40. Kd2 Rc8 41. Qe3 Rc5 (41... Qh5 $11 {remains equal.}) 42. Rh2 $16 {b4 is the strong threat.} Kg7 (42... b4 $1 $14) 43. Qf2 (43. b4 $1 $18 {[%cal Rb4c5]} Rc8 44. f5 $1 {[%mdl 512]}) 43... b4 (43... Qe6 $142) 44. Ne3 Qe6 {[#]} 45. Qh4 $2 {[%mdl 8192]} (45. Nf5+ $1 $16 {[%mdl 512] is forced if you want to stay better.} gxf5 46. Qg2+ Kf8 47. Rh7) 45... Nf8 $2 (45... Rh5 $19 46. Qg3 Rxh2+ 47. Qxh2 Nc5) 46. f5 {Threatening mate with Qh8+.} Qe5 47. Qh8+ Kf7 48. fxg6+ Ke8 $1 49. Nc4 Qg5+ 50. Kc2 {White wants to mate with g7.} Qxg6 (50... Qe5 $5) 51. Kb2 $36 {[%mdl 2048] White is more active.} Ke7 ({Better is} 51... Qg3 $14) 52. Nxd6 (52. Qh4 $1 $16) 52... Qg1 $11 {[%csl Gc5][%cal Rg1c1]} 53. Nf5+ {[#]} Ke8 $2 {[#]} (53... Rxf5 $1 $11 {[%mdl 512]} 54. exf5 Qd4+ 55. Kb1 Qd1+ 56. Kb2 Qd4+ 57. Kc2 Qc3+ 58. Kb1 Qe1+ 59. Kc2 Qc3+ 60. Kb1 Qe1+ 61. Kc2 Qc3+) 54. Qh5+ (54. Qh6 $142 $1) 54... Ng6 $16 {[%csl Gc5][%cal Rg1c1]} 55. Rc2 Rxc2+ 56. Kxc2 Kd7 {[#]} (56... Qg2+ $16 {was necessary.} 57. Kd1 Qg1+ 58. Kd2 Kf8) 57. Qh7+ $2 (57. Qd1+ $1 $18 Qxd1+ 58. Kxd1) 57... Ke6 (57... Kc6 $11 {keeps the balance.}) 58. Qg8+ Ke5 59. Qd5+ Kf4 60. Qd2+ {[%mdl 64] Double Attack} Kxe4 61. Nd6+ Kf3 62. Qd5+ $2 ({White should try} 62. Qxb4 $18 {Hoping for Qe4+.} Qf2+ 63. Qd2) 62... Kg3 $11 63. Ne4+ {[%mdl 64] Double Attack} Kh4 $2 (63... Kf4 $1 $11 {and Black stays safe.}) 64. Nd2 $2 (64. Qd2 $18 {aiming for Qh6+.} Kg4 65. Nxf6+ Kf5 66. Nd5) 64... Ne5 $2 {[%mdl 8192] [#]} (64... Qa1 $11) 65. Qxe5 $1 {[%mdl 576] Remove Defender. White mates.} fxe5 66. Nf3+ {[%mdl 64] Double Attack} Kg3 67. Nxg1 Kf2 68. Nh3+ {Accuracy: White = 35%, Black = 35%.} 1-0

[Event "5th Vardaris Open 2019"]
[Site "Thessaloniki"]
[Date "2019.03.07"]
[Round "1.7"]
[White "Kesidis, Odyseas"]
[Black "Kanakaris, Georgios"]
[Result "1/2-1/2"]
[WhiteElo "2254"]
[BlackElo "2403"]
[Annotator "TA"]
[PlyCount "42"]
[EventDate "2019.02.27"]
[EventType "swiss"]
[EventCountry "GRE"]
[SourceTitle "playchess.com"]
[Source "ChessBase"]
[SourceQuality "1"]

{[%evp 16,42,31,36,54,45,41,-28,25,29,45,0,0,0,0,0,0,0,0,-18,-6,-14,-4,0,29,36,35,57,47]} 1. e4 c5 2. Nf3 d6 3. Bb5+ Nd7 4. O-O g6 (4... a6 5. Bxd7+ Bxd7 6. d4 cxd4 7. Qxd4 e5 8. Qd3 h6 9. a4 Nf6 10. a5 Be7 11. c4 b5 12. axb6 Qxb6 13. Nc3 O-O 14. Be3 Qb7 15. h3 Rfc8 16. Nd2 Be6 17. Rfb1 a5 18. b3 Ra6 19. Ra2 Bd7 20. Rba1 {½-½ (20) Wang,H (2730)-Nepomniachtchi,I (2763) St Petersburg 2018}) 5. c3 a6 6. Ba4 {B51: Sicilian: Moscow Variation (3 Bb5+) without 3...Bd7} b5 7. Bc2 Bg7 8. d4 Bb7 9. Re1 {LiveBook: 3 Games} e5 10. a4 Ngf6 11. Nbd2 $146 (11. dxe5 $14 dxe5 12. axb5) ({Predecessor:} 11. Na3 O-O 12. Rb1 exd4 13. cxd4 Re8 14. d5 {1-0 (37) Melia,S (2404)-Doluhanova,E (2352) Riadh 2017}) 11... O-O (11... exd4 $142 12. cxd4 O-O) 12. d5 $11 c4 13. Nf1 Nc5 14. Ng3 Qc7 15. h3 Rfb8 16. Bg5 Bc8 17. Qd2 bxa4 18. Bxa4 Bd7 19. Bxd7 Nb3 20. Qe2 {[#] Hoping for Bc6.} Nxd7 21. Ra2 a5 {Precision: White = 57%, Black = 49%.} 1/2-1/2

[Event "5th Vardaris Open 2019"]
[Site "Thessaloniki"]
[Date "2019.03.07"]
[Round "1.8"]
[White "Nomin-Erdene, Davaademberel"]
[Black "Tsaknakis, Zisis"]
[Result "1/2-1/2"]
[WhiteElo "2389"]
[BlackElo "2243"]
[Annotator "TA"]
[PlyCount "126"]
[EventDate "2019.02.27"]
[EventType "swiss"]
[EventCountry "GRE"]
[SourceTitle "playchess.com"]
[Source "ChessBase"]
[SourceQuality "1"]

{[%evp 18,126,13,13,3,0,2,10,45,48,46,48,46,2,10,0,57,48,87,86,88,68,92,71,72,72,72,79,79,27,35,28,31,18,24,0,0,0,0,0,27,28,48,18,24,-13,0,-13,-13,-13,0,0,0,0,0,0,0,0,0,0,0,0,0,0,0,0,13,15,21,25,31,0,470,465,539,535,531,523,306,479,455,440,519,508,595,564,564,446,567,454,512,484,697,611,570,475,459,0,0,0,0,0,0,0,0,0,0,0,0,0,0]} 1. e4 c5 2. Nf3 d6 3. d4 cxd4 4. Nxd4 Nf6 5. Nc3 a6 6. Be3 e5 7. Nf3 Be7 8. Bc4 O-O 9. O-O Be6 10. Bb3 Nc6 {B90: Sicilian Najdorf: Unusual White 6th moves, 6 Be3 Ng4 and 6 Be3 e5} (10... b5 11. Re1 Qc8 12. Bg5 Nbd7 13. Re2 Qb7 14. Rd2 Rfe8 15. Bxf6 Nxf6 16. Qe2 Rac8 17. Nd5 Nxd5 18. Bxd5 {½-½ (28) Nisipeanu,L (2674)-Wojtaszek,R (2749) Germany 2018}) 11. Qe2 Na5 12. Rfd1 {Black should prevent Nxe5!} Qc8 13. Bg5 Nxb3 14. axb3 Qc6 15. Bxf6 Bxf6 16. Nd5 Bxd5 (16... Bd8 $11) 17. Rxd5 $14 Rfc8 $146 ({Predecessor:} 17... Be7 18. Qd3 g6 19. Nd2 f5 20. exf5 gxf5 21. Nc4 {1-0 (44) Salazar,A (2154)-Mateus,M (2162) Antioquia 2016}) 18. c3 Be7 19. Qd3 Qb6 20. Nd2 Rc5 21. b4 Rxd5 22. Qxd5 ({Much weaker is} 22. exd5 g6 $11) 22... Rc8 23. Nb3 (23. Nc4 $16 Qc7 24. Na5) 23... Qc6 $1 $11 24. Qxc6 Rxc6 $14 {[%mdl 4096] Endgame KRB-KRN} 25. Kf1 g6 26. Ke2 f5 27. f3 Kf7 28. Ra5 b5 29. Ra1 Bd8 30. Rd1 Ke6 31. Rd5 Bb6 32. Nd2 Rc8 33. Kd3 Rf8 34. c4 fxe4+ 35. fxe4 bxc4+ 36. Nxc4 {[%mdl 64] [#] Double Attack} Bc7 37. b5 axb5 38. Rxb5 Rf2 39. Ne3 Kd7 40. b4 Kc6 41. Rd5 Bb6 42. Nc4 Bc7 43. b5+ Kb7 44. b6 Bxb6 $2 {[%mdl 8192]} (44... Bb8 $11) 45. Rb5 $18 Rxg2 46. Rxb6+ {KRN-KR} Kc7 47. Rxd6 Rxh2 48. Rd5 Rh3+ 49. Ke2 g5 50. Nxe5 h5 51. Rd7+ Kb6 52. Nf7 g4 53. Ng5 Rh2+ 54. Ke3 h4 (54... Rh1 $142 55. Kf4 Kc5) 55. e5 Rh1 56. Rd2 h3 {[#]} 57. Re2 $2 (57. Ne4 $1 $18) 57... g3 $1 $11 {The position is equal.} 58. Nf3 {And now Kf4 would win.} h2 59. e6 {Hoping for e7.} Rf1 60. Nxh2 gxh2 61. Rxh2 {e7 is the strong threat.} Re1+ 62. Re2 Rxe2+ 63. Kxe2 {e7 would kill now.} Kc7 {Accuracy: White = 58%, Black = 63%.} 1/2-1/2

[Event "5th Vardaris Open 2019"]
[Site "Thessaloniki"]
[Date "2019.03.07"]
[Round "1.9"]
[White "Semenova, Elena"]
[Black "Spyropoulos, Nikolaos"]
[Result "1/2-1/2"]
[WhiteElo "2238"]
[BlackElo "2385"]
[Annotator "TA"]
[PlyCount "85"]
[EventDate "2019.02.27"]
[EventType "swiss"]
[EventCountry "GRE"]
[SourceTitle "playchess.com"]
[Source "ChessBase"]
[SourceQuality "1"]

{[%evp 11,85,7,22,11,19,22,28,21,23,12,22,-28,0,-8,-5,-13,-13,-8,0,-39,-35,-86,-6,0,0,0,0,-4,-4,-18,0,0,0,0,0,-14,0,0,0,0,0,0,0,0,0,0,12,0,31,0,2,4,13,2,54,44,31,27,41,0,0,0,0,0,0,0,0,0,0,0,0,0,0,0,0,0]} 1. e4 e6 2. d4 d5 3. Nd2 c5 4. Ngf3 cxd4 5. Nxd4 Nf6 6. exd5 Nxd5 7. N2f3 {C07: French Tarrasch: 3...c5, 4 Ngf3 and 4 exd5 Qxd5} (7. Ne4 Be7 8. Bc4 O-O 9. O-O Nd7 10. Qe2 Nc5 11. Rd1 a6 12. Nf5 exf5 13. Nxc5 Bxc5 14. Bxd5 Qb6 {1-0 (52) Kovalev,V (2664)-Gupta,A (2588) Douglas 2018}) 7... Bb4+ 8. Bd2 O-O 9. Bxb4 {White has an edge.} Nxb4 10. c3 Nd5 11. Be2 $146 ({Predecessor:} 11. Bc4 b6 12. Nc2 Nf4 13. Qxd8 Rxd8 14. O-O Bb7 {½-½ (22) Stojanovic,D (2508)-Sipos,I (2474) Stari Banovci 2013}) 11... Re8 12. Bb5 Bd7 13. O-O e5 14. Bxd7 Nxd7 15. Ne2 Nc5 16. c4 ({Better is} 16. Qc2 $15) 16... e4 ({Black should try} 16... Nf6 $17) 17. Qxd5 $11 Qxd5 18. cxd5 {[#] And now Nfd4 would win.} exf3 19. Nc3 fxg2 20. Rfd1 Rad8 21. Kxg2 Ne4 22. Nxe4 Rxe4 {[%mdl 4096] Endgame KRR-KRR} 23. Rac1 Re7 24. d6 Red7 25. Rc7 f6 26. Rd3 (26. Re1 {is more complex.} Kf8 27. Re7 Rxc7 28. Rxc7 Rxd6 29. Rxb7 a5 30. a4) 26... Rxd6 27. Rxd6 Rxd6 28. Rxb7 {KR-KR} a6 29. Kf3 h5 30. Ke3 Kh7 31. a4 {[%cal Ba2a4,Ba4a5][%mdl 32]} Re6+ 32. Kf3 Re1 (32... Re5 $11) 33. Rb6 $14 Rb1 $1 34. a5 Kg6 35. h4 Kf5 {The position is equal.} 36. Rxa6 {Threatening Rb6.} Rxb2 37. Rb6 Ra2 38. Rb5+ Kg6 39. Kg3 Ra3+ 40. f3 Ra4 41. Rc5 Kh6 42. Rf5 Ra3 43. Kg2 {Accuracy: White = 57%, Black = 54%.} 1/2-1/2

[Event "5th Vardaris Open 2019"]
[Site "Thessaloniki"]
[Date "2019.03.07"]
[Round "1.10"]
[White "Drazic, Sinisa"]
[Black "Nikolaou, Spiridon"]
[Result "0-1"]
[WhiteElo "2370"]
[BlackElo "2235"]
[Annotator "TA"]
[PlyCount "94"]
[EventDate "2019.02.27"]
[EventType "swiss"]
[EventCountry "GRE"]
[SourceTitle "playchess.com"]
[Source "ChessBase"]
[SourceQuality "1"]

{[%evp 9,94,-11,-4,-10,25,27,38,17,19,0,31,18,15,0,0,0,6,6,11,17,39,23,18,18,122,71,79,81,106,92,113,-270,-262,-252,-251,-249,-261,-237,-207,-210,-210,-189,-147,-147,-135,-132,-128,-129,-127,-139,-125,-141,-133,-134,-134,-169,-167,-156,-152,-164,0,-190,-190,-189,-172,-189,-181,-175,-175,-206,-199,-300,-293,-291,-284,-266,-215,-294,-296,-358,-358,-351,-349,-335,-306,-29978,-29978]} 1. d4 Nf6 2. Bg5 g6 3. Nc3 d5 4. Qd2 Bg7 5. Bh6 Bxh6 6. Qxh6 {D01: Veresov Opening} c5 7. dxc5 Qa5 {Hoping for ...d4.} 8. O-O-O {White is slightly better.} Qxc5 {Strongly threatening ...d4.} 9. e3 Nc6 10. Nf3 Bg4 11. Bb5 Bxf3 12. gxf3 O-O-O $146 ({Predecessor:} 12... a6 13. Bxc6+ bxc6 {1-0 (70) Dimakiling,O (2401)-Andersen,M (2601) Abu Dhabi 2018}) 13. Bxc6 Qxc6 14. Rd3 Kb8 15. Rhd1 e5 16. f4 Qe6 (16... e4 $11 17. R3d2 Rd6) 17. fxe5 ({Better is} 17. Qg5 $1) 17... Qxe5 $16 18. Rd4 g5 19. a3 Rhg8 {[#] ...Qe6 is the strong threat.} 20. Kb1 $2 {[%mdl 8192] [#]} (20. Qh3 $1 $16 {keeps the pressure on.}) 20... Qe6 $1 $19 21. Nxd5 Rxd5 ({Stronger than} 21... Nxd5 22. Qxh7 f5 23. c4 $16) 22. Rxd5 Nxd5 23. Qxh7 Rc8 24. Rd4 Nb6 25. h4 gxh4 26. Qxh4 Qf5 27. Qf4+ Qxf4 28. Rxf4 $17 {[%mdl 4096] Endgame KRN-KR} Rc7 29. b3 Kc8 30. Kb2 Kd8 31. c4 Ke7 32. a4 Rc5 33. Re4+ Kd7 34. Rd4+ Ke7 $2 (34... Ke6 $19 35. Kc3 Rf5) 35. Kc3 $2 (35. Re4+ $1 $11 {and White stays safe.} Kf6 36. Kc3) 35... Rf5 $19 36. f4 f6 37. Rd1 Rh5 38. Rg1 {and if Rg7+ works, White does fine.} Nd7 39. Rg7+ Kd6 40. Rg8 (40. b4 {is a better defense.}) 40... a5 41. b4 axb4+ 42. Kxb4 Rh1 43. Kc3 Rc1+ 44. Kd4 Nc5 45. Rd8+ Kc7 46. Ra8 b6 47. Rf8 $2 (47. Re8 $19) 47... Ne6+ {[%mdl 64] Double Attack. Accuracy: White = 45%, Black = 63%.} 0-1